MDQL
is popping MORE tags! Check the
thread
!
Quizzes
Events
Quiz Creation
Community
Videos
Private Events
Remove Ads
Sign In
Join for FREE
Feedback
Dark Mode
Quiz Categories
Sports
Geography
Music
Movies
Television
Just For Fun
Miscellaneous
History
Literature
Language
Science
Gaming
Entertainment
Religion
Holiday
For Kids
Quiz Lab
Recent
Popular Today
Quiz Kudos Today
Editor Picks
Curator Picks
Quizzes by...
Day
Popularity
Type
Ratings
Length
Year
Community
Subscriptions
Recent Discussions
Orange Saloon
Badges
Playlists
Quests
Create
Leaderboards
Showdown
Live 5
Trivia Bingo
Activity
Puzzle Library
Sporcle Events
Private Events
Virtual Trivia
Globe League
Become a Host
Pub Owners
SporcleCon
Opinionation
Our Games
Videos
Blog
Mobile Apps
Partnerships
Remove Ads and Go Orange
Feedback
Religion
Mythology
Religious Music
World Religions
Bible
Christianity
Catholicism
Judaism
Church
Scripture
Islam
Verse
Religion
Mythology
Religious Music
World Religions
Bible
Christianity
Catholicism
Judaism
Church
Scripture
Islam
Verse
Random Quiz
Search Sporcle
×
Quiz Lab
Quiz Lab
Religion
Europe
Type in answers that appear in a list
Type in answers that appear in a list
Classic
Best Score? Go Orange.
European LDS (Mormon) Temples in Order Stats
Can you name the European LDS (Mormon) Temples in Order?
By
wisconsinite
2m
11 Questions
97 Plays
97 Plays
97 Plays
Comments
Comments
Give Quiz Kudos
Give Quiz Kudos
-
- Ratings
hide this ad
Forced Order
Answers have to be entered in order
Answers have to be entered in order
Replay
Link that replays current quiz
Next Quiz
Link to next quiz in quiz playlist
You Got
0%
They Got
Avg Score
67%
Avg Friend Score
Upgrade to see
Score Distribution
Jump to the score distribution portion of the page
Score
0/11
Timer
02:00
0
Plays Today
Year dedicated:
Temple:
% Correct
1958
London, England
96.9%
1955
Bern, Switzerland
88.5%
1985
Freiberg, Germany
70.8%
1987
Frankfurt, Germany
66.7%
1985
Stockholm, Sweden
64.6%
1999
Madrid, Spain
63.5%
1998
Preston, England
62.5%
2002
The Hague, Netherlands
58.3%
2010
Kyiv, Ukraine
58.3%
2004
Copenhagen, Denmark
57.3%
2006
Helsinki, Finland
55.2%
Quiz Playlist
Details
Report
Send in Message
Add To Playlist
Classic:
Type in answers that appear in a list
Forced Order:
Answers have to be entered in order
Last Updated: Feb 16, 2017
Quiz Scoreboard
CHALLENGE
Sign Up to Join the Scoreboard
Show All
Scores
Hide
Comments
May contain spoilers
Recently Published
Street Fighter Characters
by Artimus82
Gaming
60s
9x9 Crossword: Cartoon Network
by jackfrog10
Miscellaneous
3m
College Basketball Coaching Resumes
by pancakes188
Sports
9m
More to Explore
Quiz From the Vault
Featured Blog Post
Where Did the Easter Bunny Come From?
hide this ad
You Might Also Like...
Tags
Europe Quiz
Dedicated
lds
LDS Mormon
mormon
Order
temple
Today's Top Quizzes in Religion
Browse Religion
hide this ad
Today's Top Quizzes in Europe
Browse Europe
Top Contributed Quizzes in Religion
1
5-to-1: Children of Gods
2
5-to-1: European Churches
3
One Thing in Common: Mythology
4
One Thing in Common: Mythology II
5
Mythological Creature Bunker
6
Prime Time: Religion
7
10 to 1: Islam
8
One Thing in Common: Religion
9
Murdered Mythical Monsters
10
One Thing in Common: Religion and Mythology
Explore More
Trending Topics
Harry Potter
NBA
Crossword
Anime
Kpop
Marvel
Disney
Puzzle
NFL
Pokémon
Country
WWE
Soccer
The Office
Song
hide this ad
More By:
wisconsinite
Quiz
Plays
Rating
Category
Featured
Created
Mega Evolutions
1,988
4.88
Gaming
Jul 9, 2015
States with Multiple LDS (Mormon) temples minefield
1,323
3.00
Religion
Dec 30, 2014
LDS (Mormon) Temples of the World
1,272
5.00
Religion
Jan 29, 2017
Most Mormon Countries
1,008
4.00
Religion
Aug 11, 2014
Countries with LDS (Mormon) Temples (Clickable)
588
4.00
Religion
Feb 8, 2015
Go to Creator's Profile
Score Distribution
Quiz Creator Spotlight
wisconsinite
Follow
Send a Message
Quizzes Created
-
Created Quiz Play Count
-
More By This Creator
Popular Quizzes Today
1
Find the US States - No Outlines Minefield
2
Find the Countries of Europe - No Outlines Minefield
3
The Countries of the World
4
Find the US States
5
Risky Map Clicking: Biggest States A-Z
6
US States
7
Popular People in 1961
8
Movies - When Are They Set?
More Religion Quizzes
A-Religion 5 to 1
Editor's Pick
Trending Quizzes
Risky Map Clicking: Least Populous States A-Z
Billboard Blitz: Aretha Franklin
Famous Russians: Author or Composer?
1-10 Letter G Words
Countries of the World: 200 Million BC
Recently Updated
Leaping Animals
pecheneg
Reality TV Shows (A-Z)
bhenderson79
Rickey Henderson's Hall of Fame Teammates
pecheneg
Champions League XIs: Arsenal
pecheneg
Quick Pick: Celebrities in WWE's Hall of Fame
aduchscher
A-Z Keypad Blitz II
pecheneg
Multiple Oscar Actors
pecheneg
Mystery Phrase Blitz: Oscar 'Best Actors'
pecheneg
F. Scott Fitzgerald Novels
LTH
Pick 3 Villains
ddd62291
Trending Topics
Crossword
Marvel
Disney
Anime
Harry Potter
NBA
Kpop
Soccer
Puzzle
NFL
Country
Song
WWE
Pokémon
The Office
Your Account Isn't Verified!
In order to create a playlist on Sporcle, you need to verify the email address you used during registration. Go to your
Sporcle Settings
to finish the process.
Report this User
Report this user for behavior that violates our
Community Guidelines
.
Details:
Send Report
Go to the Sporcle.com Mobile Site →
Comments